000 00376nam a22001577a 4500
003 MPLRDC
005 20220104124911.0
008 210129b ||||| |||| 00| 0 eng d
082 _a857.9 WLS-49 v.3
100 _a卧龙生著
245 _a大地风暴. 三
_c
260 _a
_b武功出版社
_c
300 _b
650 _a武侠小说
942 _cBK
_o857.9 WLS-49 v.3
999 _c23057
_d23047